• 首页
  • 本馆介绍
  • 公告通知
  • 最新文献
  • 馆藏检索
  • 电子资源
  • 读者导购
  • 参考咨询
  • 我的图书馆
  • 登录
  • 详细信息显示
  • 放入我的书架
  • 预约/预借图书
  • 作者相关作品
  • 分类相关作品
  • 丛书相关作品
  • 出版社相关作品

书目信息

  • 表格格式
  • 工作单格式
  • 卡片格式
题名:
波谱分析在精细化工中的应用
    
 
作者: 彭勤 , 王璧人 编著
分册:  
出版信息: 北京   中国石化出版社  2001
页数: 501页
开本: 20cm
丛书名:
单 册:
中图分类: TQ064
科图分类:
主题词: 波谱分析--应用--精细化工 , 化工产品--后处理 , 化工产品--包装 , 化工过程:生产过程
电子资源:
ISBN: 7-80164-061-6
000 00762cam 22000265aa45 0
001 0634027805
005 20070727095631.39
010    @a7-80164-061-6@dCNY30.00
100    @a20010911d2001 em y0chiy0121 ea
101 0  @achi
102    @aCN@b110000
105    @ay z 000yy
106    @ar
200 10 @a波谱分析在精细化工中的应用@f彭勤, 王璧人编著@Abo pu fen xi zai jing xi hua gong zhong de ying yong
210    @a北京@c中国石化出版社@d2001
215    @a501页@d20cm
606 0  @a波谱分析@x应用@x精细化工
606 0  @a化工产品@x后处理
606 0  @a化工产品@x包装
606 0  @a化工过程:生产过程
690    @aTQ064@v4
701  0 @a彭勤@4编著@Apeng qin
701  0 @a王璧人@4编著@Awang bi ren
801 0  @c20070727
905    @a10447@dTQ064@e92
    
    波谱分析在精细化工中的应用/彭勤, 王璧人编著.-北京:中国石化出版社,2001
    501页;20cm
    
    
    ISBN 7-80164-061-6:CNY30.00
    
●
相关链接 在E读中查询图书 在五车中查询图书 在当当中查询图书 在豆瓣中查询图书


正题名:波谱分析在精细化工中的应用     索取号:TQ064/92         预约/预借

序号 登录号 条形码 馆藏地/架位号 状态 备注
1 0451699   204516997   密集书库/ [索取号:TQ064/92] 在馆    
2 0784631   207846312   密集书库/ [索取号:TQ064/92] 在馆    
唐山师范学院图书馆 欢迎您!
大连网信软件有限公司© 版权所有